000 00550nam a22001937a 4500
003 OSt
005 20140310181804.0
008 130704t xxu||||| |||| 00| 0 eng d
020 _a9622583342
050 _aPE 1408
_b.W924 2004
082 _aREF 428
_bW89 2004
245 _aWord power builder resource book :
_bstep by step exercises to power up your English /
260 _aUSA :
_bReader's Digest Assoc., Ltd,
_cc2004.
300 _a135 p.
_bill. ;
_c25 cm.
521 _a
541 _j1
562 _e1
942 _2lcc
_cBK-GR
_kREF
999 _c3750
_d3750